[Event "COL-ch U26"]
[Site "Medellin"]
[Date "2018.10.20"]
[Round "5"]
[White "Salazar Zapata, Elian"]
[Black "Gaviria Galvis, Andres Felipe"]
[Result "1/2-1/2"]
[WhiteElo "1609"]
[BlackElo "2079"]
[PlyCount "41"]
[EventDate "2018.10.18"]
[EventType "swiss"]
[EventRounds "6"]
[EventCountry "COL"]
[SourceTitle "CBM 187 Extra"]
[Source "ChessBase"]
[SourceDate "2018.11.04"]
[SourceVersion "1"]
[SourceVersionDate "2018.11.04"]
[SourceQuality "1"]

1. c4 Nf6 2. d4 e6 3. Nf3 d5 4. g3 Be7 5. Bg2 0-0 6. 0-0 b6 7. Qc2 Bb7 8. b3 Nbd7 9. Bb2 Rc8 10. Nbd2 c5 11. e3 cxd4 12. exd4 Qc7 13. Rac1 Rfd8 14. Qb1 Qb8 15. Rfd1 Qa8 16. Ne5 dxc4 17. Bxb7 Qxb7 18. Ndxc4 Nf8 19. Qd3 h6 20. Qf3 Qxf3 21. Nxf3 1/2-1/2

[Event "COL-ch U26"]
[Site "Medellin"]
[Date "2018.10.19"]
[Round "3"]
[White "Salazar Zapata, Elian"]
[Black "Zuleta, Juan Carlos"]
[Result "1/2-1/2"]
[WhiteElo "1609"]
[BlackElo "1918"]
[PlyCount "49"]
[EventDate "2018.10.18"]
[EventType "swiss"]
[EventRounds "6"]
[EventCountry "COL"]
[SourceTitle "CBM 187 Extra"]
[Source "ChessBase"]
[SourceDate "2018.11.04"]
[SourceVersion "1"]
[SourceVersionDate "2018.11.04"]
[SourceQuality "1"]

1. c4 d5 2. cxd5 Qxd5 3. Nc3 Qd8 4. d4 e6 5. e4 Nf6 6. g3 Nc6 7. Nge2 Bb4 8. Bg2 h5 9. h3 Bd7 10. Bg5 Be7 11. Be3 a6 12. 0-0 e5 13. Nd5 Nxd5 14. exd5 Nxd4 15. Nxd4 exd4 16. Bxd4 0-0 17. Qxh5 Bf6 18. Rfd1 g6 19. Qf3 Bg7 20. Rac1 Rc8 21. Qb3 b5 22. Qc3 Bxd4 23. Rxd4 Qf6 24. Qd2 Kg7 25. Rc3 1/2-1/2

[Event "Zipaquira sf3 U16"]
[Site "Zipaquira"]
[Date "2017.03.31"]
[Round "2.4"]
[White "Hurtado Mosquera, Orestes Andre"]
[Black "Salazar Zapata, Elian"]
[Result "1-0"]
[WhiteElo "1778"]
[BlackElo "1511"]
[PlyCount "73"]
[EventDate "2017.03.30"]
[EventType "swiss"]
[EventRounds "6"]
[EventCountry "COL"]
[SourceTitle "EXT 2024"]
[Source "ChessBase"]
[SourceDate "2023.10.10"]
[SourceVersion "1"]
[SourceVersionDate "2023.10.10"]
[SourceQuality "1"]

1. e4 d5 2. exd5 Qxd5 3. Nc3 Qa5 4. Bc4 Nf6 5. d3 c6 6. Nge2 Bf5 7. Bd2 Qc7 8. Ng3 Bg6 9. h4 h5 10. Qe2 e6 11. Nce4 Nxe4 12. Nxe4 Be7 13. Bc3 0-0 14. a4 Qf4 15. Ng3 Qg4 16. Qxg4 hxg4 17. h5 Bh7 18. h6 g6 19. Ne4 Nd7 20. 0-0-0 Rfe8 21. Rde1 Rad8 22. Re3 Nb6 23. Nf6+ Bxf6 24. Bxf6 Nxc4 25. dxc4 Rd6 26. Rd1 Rxd1+ 27. Kxd1 g5 28. Rg3 Bg6 29. Kd2 Kh7 30. Rxg4 Kxh6 31. Rxg5 Rc8 32. Rg4 Bf5 33. Rd4 Rc7 34. g4 Bg6 35. Rd8 Bh7 36. Be5 Re7 37. Bd6 1-0

[Event "Zipaquira sf3 U16"]
[Site "Zipaquira"]
[Date "2017.03.30"]
[Round "1.11"]
[White "Salazar Zapata, Elian"]
[Black "Cortes, Luan"]
[Result "1-0"]
[WhiteElo "1511"]
[BlackElo "1293"]
[PlyCount "47"]
[EventDate "2017.03.30"]
[EventType "swiss"]
[EventRounds "6"]
[EventCountry "COL"]
[SourceTitle "EXT 2024"]
[Source "ChessBase"]
[SourceDate "2023.10.10"]
[SourceVersion "1"]
[SourceVersionDate "2023.10.10"]
[SourceQuality "1"]

1. d4 d5 2. Nf3 g6 3. g3 Nf6 4. Bg2 Nc6 5. 0-0 Bf5 6. c3 Be4 7. Nbd2 Bh6 8. Nxe4 dxe4 9. Bxh6 exf3 10. exf3 e5 11. dxe5 Nxe5 12. Re1 Nfd7 13. f4 Qf6 14. Bg5 Qf5 15. g4 Qe6 16. fxe5 Nxe5 17. f4 f6 18. Bh4 Rd8 19. Qa4+ c6 20. fxe5 b5 21. Qxa7 Qxg4 22. exf6+ Kf8 23. Re8+ Rxe8 24. Qg7# 1-0

[Event "Malambo Semifinal 1 Cat U16"]
[Site "Malambo"]
[Date "2017.03.02"]
[Round "1.9"]
[White "Salazar Zapata, Elian"]
[Black "De la Ossa, Carlos Enrique"]
[Result "1-0"]
[WhiteElo "1511"]
[BlackElo "1456"]
[PlyCount "37"]
[EventDate "2017.03.02"]
[EventType "swiss"]
[EventRounds "6"]
[EventCountry "COL"]
[SourceTitle "EXT 2024"]
[Source "ChessBase"]
[SourceDate "2023.10.10"]
[SourceVersion "1"]
[SourceVersionDate "2023.10.10"]
[SourceQuality "1"]

1. d4 e6 2. Nf3 Nc6 3. Bf4 d5 4. e3 Nf6 5. h3 Bd6 6. Nbd2 Bd7 7. c3 0-0 8. Bd3 Qe7 9. Ne5 Be8 10. Qf3 Rd8 11. 0-0 Bd7 12. Rfe1 Rfe8 13. Rad1 Na5 14. b4 Nc6 15. Kh1 b6 16. g4 Kf8 17. g5 Ng8 18. Bxh7 a5 19. Ng6+ 1-0

[Event "COL-ch Superate A"]
[Site "Colombia"]
[Date "2015.10.19"]
[Round "1.2"]
[White "Salazar Zapata, Elian"]
[Black "Acosta Cubides, Jorian Jared"]
[Result "0-1"]
[WhiteElo "1476"]
[BlackElo "1955"]
[PlyCount "87"]
[EventDate "2015.10.19"]
[EventType "swiss (rapid)"]
[EventRounds "6"]
[EventCountry "COL"]
[SourceTitle "EXT 2024"]
[Source "ChessBase"]
[SourceDate "2023.10.10"]
[SourceVersion "1"]
[SourceVersionDate "2023.10.10"]
[SourceQuality "1"]

1. d4 Nf6 2. c4 e6 3. Nc3 Bb4 4. Qc2 d5 5. e3 0-0 6. Bd2 Nbd7 7. Nf3 Bxc3 8. Bxc3 Ne4 9. Bd3 Ndf6 10. cxd5 exd5 11. 0-0 Re8 12. Rfe1 c6 13. Ne5 h6 14. f3 Nxc3 15. bxc3 Nd7 16. Nxd7 Bxd7 17. Re2 Rc8 18. e4 dxe4 19. Rxe4 Rxe4 20. fxe4 Be6 21. Rb1 b5 22. Rb2 Qg5 23. Qd2 Qe7 24. Qc2 Re8 25. a4 a6 26. axb5 axb5 27. Rb1 Ra8 28. g3 Qg5 29. Qf2 Ra2 30. Qf4 Qxf4 31. gxf4 Ra3 32. f5 Ba2 33. Rc1 b4 34. Bb1 Bxb1 35. Rxb1 bxc3 36. Kf2 Ra2+ 37. Kg3 Rd2 38. Rc1 c2 39. h3 Kf8 40. Kf4 Ke7 41. Ke3 Rh2 42. Kd3 Rxh3+ 43. Kxc2 Re3 44. e5 0-1

[Event "COL-ch Superate A"]
[Site "Colombia"]
[Date "2015.10.18"]
[Round "3.8"]
[White "Bohorquez Mahecha, Juan Pablo"]
[Black "Salazar Zapata, Elian"]
[Result "0-1"]
[WhiteElo "1375"]
[BlackElo "1476"]
[PlyCount "40"]
[EventDate "2015.10.18"]
[EventType "swiss (blitz)"]
[EventRounds "12"]
[EventCountry "COL"]
[SourceTitle "EXT 2024"]
[Source "ChessBase"]
[SourceDate "2023.10.10"]
[SourceVersion "1"]
[SourceVersionDate "2023.10.10"]
[SourceQuality "1"]

1. d4 d5 2. c4 c6 3. Nc3 Nf6 4. Bg5 e6 5. e3 Nbd7 6. Bd3 Be7 7. Nge2 0-0 8. 0-0 h6 9. Bh4 b6 10. Rc1 Bb7 11. h3 Rc8 12. Qd2 Ne4 13. Bxe4 Bxh4 14. Bf3 Bf6 15. Ng3 Qe7 16. Nce2 Rfd8 17. a3 Nf8 18. Rfd1 Ng6 19. Qe1 Qd7 20. Qd2 Rc7 0-1

[Event "COL-ch Superate A"]
[Site "Colombia"]
[Date "2015.10.18"]
[Round "6.6"]
[White "Castano Orrego, Simon"]
[Black "Salazar Zapata, Elian"]
[Result "1-0"]
[WhiteElo "1533"]
[BlackElo "1476"]
[PlyCount "95"]
[EventDate "2015.10.18"]
[EventType "swiss (blitz)"]
[EventRounds "12"]
[EventCountry "COL"]
[SourceTitle "EXT 2024"]
[Source "ChessBase"]
[SourceDate "2023.10.10"]
[SourceVersion "1"]
[SourceVersionDate "2023.10.10"]
[SourceQuality "1"]

1. e4 c5 2. Nf3 d6 3. d4 cxd4 4. Nxd4 Nf6 5. Nc3 a6 6. Be2 e6 7. Be3 Be7 8. 0-0 0-0 9. a4 Nbd7 10. a5 Qc7 11. f3 Re8 12. Nb3 Nc5 13. Nxc5 dxc5 14. Qe1 Bd7 15. Qf2 Rac8 16. Na4 Bxa4 17. Rxa4 Nd7 18. Rc4 b5 19. axb6 Nxb6 20. Rc3 Na4 21. Ra3 Qc6 22. b3 Nc3 23. Bxa6 Ra8 24. Rfa1 Red8 25. Bd3 Rxa3 26. Rxa3 Rb8 27. Qd2 c4 28. Ra7 Bb4 29. Bxc4 h6 30. Qd7 Qxd7 31. Rxd7 Rf8 32. Rb7 Be7 33. Rxe7 Nd1 34. Bc5 Rd8 35. h3 Nc3 36. Bb6 Rd1+ 37. Kh2 Rd2 38. Bd3 Nd1 39. Re8+ Kh7 40. Re7 Ne3 41. e5+ g6 42. Rxf7+ Kg8 43. Bxe3 Rxg2+ 44. Kxg2 Kxf7 45. Bxh6 Ke7 46. Bg5+ Kf7 47. b4 Ke8 48. b5 1-0

[Event "COL-ch Superate A"]
[Site "Colombia"]
[Date "2015.10.18"]
[Round "12.5"]
[White "Chisco, Juan Esteban"]
[Black "Salazar Zapata, Elian"]
[Result "1-0"]
[WhiteElo "1531"]
[BlackElo "1476"]
[PlyCount "63"]
[EventDate "2015.10.18"]
[EventType "swiss (blitz)"]
[EventRounds "12"]
[EventCountry "COL"]
[SourceTitle "EXT 2024"]
[Source "ChessBase"]
[SourceDate "2023.10.10"]
[SourceVersion "1"]
[SourceVersionDate "2023.10.10"]
[SourceQuality "1"]

1. e4 c5 2. Nf3 d6 3. d4 cxd4 4. Nxd4 Nf6 5. Nc3 a6 6. Bg5 e6 7. f4 Be7 8. Qf3 0-0 9. Be2 Nbd7 10. h4 h6 11. Bxf6 Bxf6 12. 0-0-0 Bxh4 13. Qg4 Be7 14. Rxh6 Nf6 15. Qg3 Re8 16. Rdh1 Kf8 17. Rh8+ Ng8 18. Qh3 e5 19. Qh7 Bf6 20. Rxg8+ Ke7 21. Rxe8+ Qxe8 22. Nd5+ Kd8 23. fxe5 Qxe5 24. Qg8+ Kd7 25. Bg4+ Qe6 26. Bxe6+ fxe6 27. Nb6+ Kc7 28. Nxa8+ Kd7 29. Nb6+ Kc7 30. Qxc8+ Kxb6 31. Nxe6 Bxb2+ 32. Kxb2 1-0

[Event "COL-ch Superate A"]
[Site "Colombia"]
[Date "2015.10.18"]
[Round "4.8"]
[White "Salazar Zapata, Elian"]
[Black "Bohorquez Mahecha, Juan Pablo"]
[Result "1-0"]
[WhiteElo "1476"]
[BlackElo "1375"]
[PlyCount "121"]
[EventDate "2015.10.18"]
[EventType "swiss (blitz)"]
[EventRounds "12"]
[EventCountry "COL"]
[SourceTitle "EXT 2024"]
[Source "ChessBase"]
[SourceDate "2023.10.10"]
[SourceVersion "1"]
[SourceVersionDate "2023.10.10"]
[SourceQuality "1"]

1. e4 c5 2. Nf3 d6 3. d4 cxd4 4. Nxd4 Nf6 5. Nc3 a6 6. Be3 e6 7. Qd2 Be7 8. f3 0-0 9. 0-0-0 b5 10. a3 Nbd7 11. g4 h6 12. Bd3 Bb7 13. h4 Nh7 14. h5 Bg5 15. Rdg1 Rc8 16. f4 Be7 17. Nf3 f6 18. Rh3 e5 19. f5 Nc5 20. Ne2 Bxe4 21. Bxe4 Nxe4 22. Qd5+ Kh8 23. Qxe4 Rc4 24. Qd3 Qc7 25. Nd2 Rc6 26. Nc3 Rd8 27. Nd5 Qb7 28. Nxe7 Qxe7 29. Nb3 Qc7 30. Rd1 Rc8 31. Rh2 Nf8 32. Kb1 Nd7 33. Rhd2 Nb6 34. Na5 Nc4 35. Nxc6 Nxd2+ 36. Rxd2 Qxc6 37. Qxd6 Qh1+ 38. Ka2 Qe4 39. Bc5 Qc4+ 40. b3 Qxc5 41. Qxc5 Rxc5 42. Kb2 Kg8 43. Rd6 a5 44. Ra6 b4 45. axb4 axb4 46. Rb6 Kf7 47. Rxb4 Ke7 48. Re4 Kd6 49. c4 Kc6 50. Kc3 Kb6 51. b4 Rc6 52. c5+ Kb5 53. Re2 Ra6 54. Rb2 Rc6 55. Ra2 Rc7 56. Ra5+ Kc6 57. Kc4 Rb7 58. b5+ Kc7 59. b6+ Kc6 60. Ra7 Rb8 61. Rc7# 1-0

[Event "COL-ch Superate A"]
[Site "Colombia"]
[Date "2015.10.18"]
[Round "11.5"]
[White "Salazar Zapata, Elian"]
[Black "Chisco, Juan Esteban"]
[Result "1-0"]
[WhiteElo "1476"]
[BlackElo "1531"]
[PlyCount "69"]
[EventDate "2015.10.18"]
[EventType "swiss (blitz)"]
[EventRounds "12"]
[EventCountry "COL"]
[SourceTitle "EXT 2024"]
[Source "ChessBase"]
[SourceDate "2023.10.10"]
[SourceVersion "1"]
[SourceVersionDate "2023.10.10"]
[SourceQuality "1"]

1. d4 Nf6 2. c4 g6 3. Nc3 Bg7 4. Nf3 d6 5. g3 0-0 6. Bg2 Nbd7 7. 0-0 c6 8. e4 e5 9. d5 cxd5 10. cxd5 Nc5 11. Re1 Qb6 12. Na4 Nxa4 13. Qxa4 Bd7 14. Qb3 Qxb3 15. axb3 Bb5 16. Be3 a6 17. Rac1 Rac8 18. Nd2 Ng4 19. Bb6 Bh6 20. Rcd1 Be2 21. Rxe2 Rc2 22. f3 Nf6 23. Bf1 Rxb2 24. Be3 Bg7 25. Nc4 Rxb3 26. Nxd6 Rd8 27. Nc4 b5 28. Nxe5 Nd7 29. Nc6 Rc8 30. Ree1 Kh8 31. Bd4 Bxd4+ 32. Rxd4 Rxf3 33. Bg2 Rf6 34. e5 Rf5 35. Ne7 1-0

[Event "COL-ch Superate A"]
[Site "Colombia"]
[Date "2015.10.18"]
[Round "1.2"]
[White "Salazar Zapata, Elian"]
[Black "Corredor Castellanos, Camilo"]
[Result "0-1"]
[WhiteElo "1476"]
[BlackElo "1924"]
[PlyCount "94"]
[EventDate "2015.10.18"]
[EventType "swiss (blitz)"]
[EventRounds "12"]
[EventCountry "COL"]
[SourceTitle "EXT 2024"]
[Source "ChessBase"]
[SourceDate "2023.10.10"]
[SourceVersion "1"]
[SourceVersionDate "2023.10.10"]
[SourceQuality "1"]

1. d4 Nf6 2. c4 e6 3. Nc3 Bb4 4. Qc2 0-0 5. e3 d5 6. Bd2 c5 7. a3 Bxc3 8. bxc3 b6 9. cxd5 exd5 10. Nf3 Ne4 11. Bd3 f5 12. 0-0 c4 13. Bxe4 fxe4 14. Ne5 Nd7 15. f4 Nxe5 16. fxe5 Be6 17. Rxf8+ Qxf8 18. Be1 Qf5 19. Bg3 Qg5 20. Qf2 Rf8 21. Bf4 Qh5 22. Qg3 Qg4 23. Qxg4 Bxg4 24. Rb1 Bd7 25. Rf1 h6 26. h3 a6 27. Rb1 b5 28. Rf1 a5 29. Rf2 Rc8 30. Rb2 Kf7 31. Rf2 Ke6 32. Bg3 Rb8 33. Rb2 Rf8 34. Rf2 Rc8 35. Rf4 b4 36. axb4 axb4 37. Be1 b3 38. Rf2 Ra8 39. Rb2 Ra2 40. Rb1 b2 41. Kf1 Ba4 42. Bd2 Bc2 43. Rxb2 Rxb2 44. Ke2 Bd3+ 45. Ke1 Rb1+ 46. Kf2 Rd1 47. Be1 Kf5 0-1

[Event "COL-ch Superate A"]
[Site "Colombia"]
[Date "2015.10.18"]
[Round "8.6"]
[White "Salazar Zapata, Elian"]
[Black "Cuevas Sanchez, Bramdon Daniel"]
[Result "1-0"]
[WhiteElo "1476"]
[BlackElo "1768"]
[PlyCount "93"]
[EventDate "2015.10.18"]
[EventType "swiss (blitz)"]
[EventRounds "12"]
[EventCountry "COL"]
[SourceTitle "EXT 2024"]
[Source "ChessBase"]
[SourceDate "2023.10.10"]
[SourceVersion "1"]
[SourceVersionDate "2023.10.10"]
[SourceQuality "1"]

1. d4 d5 2. c4 e6 3. Nc3 Nf6 4. Bg5 Be7 5. e3 0-0 6. Nf3 b6 7. b3 Bb7 8. Qc2 Nbd7 9. Be2 c5 10. 0-0 Rc8 11. Qd2 h6 12. Bf4 cxd4 13. exd4 dxc4 14. bxc4 Ne4 15. Nxe4 Bxe4 16. Rac1 Nf6 17. h3 Bb7 18. Be3 Qd7 19. Ne5 Qd8 20. Rfd1 Bd6 21. Qb2 Bxe5 22. dxe5 Qe7 23. exf6 Qxf6 24. Qxf6 gxf6 25. Bxh6 Rfd8 26. Be3 Kf8 27. Rxd8+ Rxd8 28. Rd1 Rxd1+ 29. Bxd1 Ba6 30. Bb3 Ke8 31. f4 Bb7 32. g4 Be4 33. Kf2 Kd7 34. Kg3 Kd6 35. h4 Ke7 36. Bd4 Bd3 37. g5 fxg5 38. fxg5 Kf8 39. h5 Kg8 40. Kh4 Kh7 41. Kg3 Be4 42. Kf4 Bd3 43. c5 bxc5 44. Bxc5 Be2 45. Bc2+ Kg7 46. h6+ Kg8 47. Bd4 1-0

[Event "Bogota Superate Cat A Avanzado"]
[Site "Bogota"]
[Date "2015.10.16"]
[Round "1.2"]
[White "Salazar Zapata, Elian"]
[Black "Corredor Castellanos, Camilo"]
[Result "0-1"]
[WhiteElo "1476"]
[BlackElo "1901"]
[PlyCount "84"]
[EventDate "2015.10.16"]
[EventType "swiss"]
[EventRounds "5"]
[EventCountry "COL"]
[SourceTitle "EXT 2024"]
[Source "ChessBase"]
[SourceDate "2023.10.10"]
[SourceVersion "1"]
[SourceVersionDate "2023.10.10"]
[SourceQuality "1"]

1. d4 Nf6 2. c4 e6 3. Nc3 Bb4 4. Qc2 0-0 5. e3 b6 6. Bd3 d5 7. Nge2 c5 8. Bd2 Nc6 9. a3 Ba5 10. cxd5 exd5 11. b3 Bb7 12. 0-0 cxd4 13. Nxd4 Nxd4 14. exd4 Bxc3 15. Bxc3 Rc8 16. Qd2 Re8 17. Rfe1 Ne4 18. Bxe4 dxe4 19. Re3 Qd5 20. Bb2 f5 21. Rg3 Re6 22. Rc1 Rxc1+ 23. Bxc1 Rd6 24. Bb2 Rd7 25. Qf4 Ba6 26. Qb8+ Kf7 27. Qh8 Ke6 28. Qxh7 Kd6 29. Rg6+ Kc7 30. Rxg7 Bb5 31. Rxd7+ Bxd7 32. Qh3 f4 33. Qc3+ Bc6 34. Qc4 Qh5 35. Qc1 Kb7 36. g3 Qe2 37. Bc3 e3 38. Qf1 Qf3 39. fxe3 Qh1+ 40. Kf2 fxe3+ 41. Ke2 Bb5+ 42. Ke1 Bc6 0-1

[Event "North Region-ch U14"]
[Site "Maicao"]
[Date "2014.05.01"]
[Round "1.1"]
[White "Torres Cueto, Jesus Marcial"]
[Black "Salazar Zapata, Elian"]
[Result "1-0"]
[WhiteElo "1847"]
[BlackElo "1505"]
[PlyCount "65"]
[EventDate "2014.05.01"]
[EventType "swiss"]
[EventRounds "6"]
[EventCountry "COL"]
[SourceTitle "EXT 2024"]
[Source "ChessBase"]
[SourceDate "2023.10.10"]
[SourceVersion "1"]
[SourceVersionDate "2023.10.10"]
[SourceQuality "1"]

1. e4 e5 2. Nf3 Nc6 3. d4 exd4 4. Nxd4 Be7 5. Be3 Nf6 6. Nc3 0-0 7. Be2 Bb4 8. f3 d6 9. 0-0 h6 10. a3 Bc5 11. Kh1 Qe7 12. Nxc6 bxc6 13. Bxc5 dxc5 14. Qd2 Be6 15. Qe3 Rad8 16. Rad1 a5 17. Na4 Nd7 18. Qc3 Ra8 19. f4 f6 20. Bf3 Rfd8 21. e5 Ra6 22. Be2 Raa8 23. f5 Bd5 24. e6 Nb6 25. Nxc5 Kh7 26. Rd4 a4 27. Rh4 Rab8 28. Na6 Ra8 29. Qg3 Kg8 30. Rxh6 Qd6 31. Qg6 Qe7 32. Qh7+ Kf8 33. Qh8# 1-0

[Event "North Region-chB"]
[Site "Cartagena"]
[Date "2012.04.20"]
[Round "3.6"]
[White "Perez, Luis Daniel"]
[Black "Salazar Zapata, Elian"]
[Result "0-1"]
[WhiteElo "1454"]
[BlackElo "1379"]
[PlyCount "42"]
[EventDate "2012.04.19"]
[EventType "swiss"]
[EventRounds "6"]
[EventCountry "COL"]
[SourceTitle "EXT 2024"]
[Source "ChessBase"]
[SourceDate "2023.10.10"]
[SourceVersion "1"]
[SourceVersionDate "2023.10.10"]
[SourceQuality "1"]

1. e4 e5 2. Nf3 Nc6 3. Nc3 Bc5 4. d4 exd4 5. Bb5 dxc3 6. bxc3 Nf6 7. Bxc6 bxc6 8. Bg5 Qe7 9. Rb1 Qxe4+ 10. Be3 Bxe3 11. fxe3 0-0 12. 0-0 Qxe3+ 13. Kh1 Ba6 14. Nh4 Rfe8 15. Nf5 Qe5 16. Ng3 Re7 17. Rb3 Rae8 18. a3 Qe1 19. Rxe1 Rxe1+ 20. Qxe1 Rxe1+ 21. Nf1 Rxf1# 0-1

[Event "North Region-ch U10"]
[Site "Puerto Colombia"]
[Date "2011.04.09"]
[Round "6.3"]
[White "Munoz, Pamela Cristina"]
[Black "Salazar Zapata, Elian"]
[Result "0-1"]
[WhiteElo "1312"]
[BlackElo "1347"]
[PlyCount "46"]
[EventDate "2011.04.07"]
[EventType "swiss"]
[EventRounds "6"]
[EventCountry "COL"]
[SourceTitle "EXT 2024"]
[Source "ChessBase"]
[SourceDate "2023.10.10"]
[SourceVersion "1"]
[SourceVersionDate "2023.10.10"]
[SourceQuality "1"]

1. e4 e5 2. Qg4 Nf6 3. Bb5 Nxg4 4. f3 Nf6 5. d3 Be7 6. b4 0-0 7. c4 d6 8. Nc3 Bd7 9. Ba3 Bxb5 10. cxb5 c6 11. bxc6 Nxc6 12. b5 Nd4 13. Nd5 Nc2+ 14. Kf1 Nxa1 15. Nxe7+ Qxe7 16. Bxd6 Qxd6 17. Nh3 Qxd3+ 18. Kf2 Nc2 19. Kg3 Nxe4+ 20. Kg4 f5+ 21. Kh5 g6+ 22. Kh6 Qd8 23. Rc1 Qh4# 0-1